Central Library OPAC University of Rajshahi

The two gentlemen of Verona / (Record no. 19002)

MARC details
000 -LEADER
fixed length control field 00762nam a22002297a 4500
001 - CONTROL NUMBER
control field 19002
003 - CONTROL NUMBER IDENTIFIER
rucl marc code BD-RjUL
005 - DATE AND TIME OF LATEST TRANSACTION
control field 20211209000353.0
008 - FIXED-LENGTH DATA ELEMENTS--GENERAL INFORMATION
fixed length control field 140223r19551921enk||||| |||| 00| 0 eng d
035 ## - SYSTEM CONTROL NUMBER
System control number (BD-RjUL)19060
040 ## - CATALOGING SOURCE
Original cataloging agency BD-RjUL
Language of cataloging eng
Transcribing agency BD-RjUL
041 ## - LANGUAGE CODE
Language code of text/sound track or separate title eng
082 ## - DEWEY DECIMAL CLASSIFICATION NUMBER
Classification number 822.33
Author mark and year QUT 1955
Edition number 23
100 ## - MAIN ENTRY--PERSONAL NAME
Personal name Quiller-Couch , Arthur.
Fuller form of name Arthur Quiller-Couch;
9 (RLIN) 58564
245 ## - TITLE STATEMENT
Title The two gentlemen of Verona /
Statement of responsibility, etc. Arthur Quiller-Couch.
260 ## - PUBLICATION, DISTRIBUTION, ETC. (IMPRINT)
Place of publication, distribution, etc. Cambridge [England] :
Name of publisher, distributor, etc. University Press,
Date of publication, distribution, etc. 1921 [Reprinted 1955]
300 ## - PHYSICAL DESCRIPTION
Pagination xix, 110 p., [1] leaf of plates :
Illustrations port. ;
Size 18 cm.
500 ## - GENERAL NOTE
General note Designed by Bruce Rogers.
600 ## - SUBJECT ADDED ENTRY--PERSONAL NAME
Personal name Shakespeare, William, 1564 - 1616
700 ## - ADDED ENTRY--PERSONAL NAME
Personal name John Dover Wilson.
942 ## - ADDED ENTRY ELEMENTS (KOHA)
Source of classification or shelving scheme Dewey Decimal Classification
Koha item type Books
Holdings
Lost status Source of classification or shelving scheme Damaged status Not for loan Collection code Permanent Location Current Location Shelving location Date acquired Source of acquisition Total Checkouts Full call number Date last seen Copy number Koha item type
  Dewey Decimal Classification   Not For Loan Fiction Central Library, University of Rajshahi Central Library, University of Rajshahi Reading Room 19/02/1963 Zeittinger   822.33 QUT 1955 23/02/2014 C-1 Books